Spell the Marvel Character #40 - Statistics

General Stats
  • This quiz has been taken 33 times
  • The average score is 4 of 7
Answer Stats
Picture Answer % Correct
Hawkeye
100%
Moon Knight
100%
Tigra
67%
Aurora
52%
Hazmat
52%
Zabu
48%
Abigail Brand
22%
No matching quizzes found
Score Distribution
Percent of People with Each Score
Percentile by Number Answered
Your Score History
You have not taken this quiz